| 000 | 00638nam a2200205 a 4500 | ||
|---|---|---|---|
| 001 | BRCA_163 | ||
| 005 | 20190320202915.0 | ||
| 008 | 910920s1989 mx-#---##b---f001-0#spa-# | ||
| 020 | _a98613015197 | ||
| 040 |
_aDLC _cDLC _dDLC |
||
| 050 | 4 |
_aNA759.R3 _b.R35 1989 |
|
| 245 | 1 | 0 | _aRamírez Vázquez en la arquitectura. |
| 260 |
_aMéxico _bUNAM, Facultad de Arquitectura _cc1989 |
||
| 300 |
_a294 p. _c22 cm. |
||
| 504 | _aBibliografía: p. 288-294 | ||
| 600 | 1 | 4 |
_aRamírez Vázquez, Pedro _d1919- _xCrítica e interpretación _9626 |
| 650 | 1 | 4 |
_aArquitectura _ySiglo XX _zMéxico _9627 |
| 650 | 1 | 4 |
_aArquitectos mexicanos _9628 |
| 942 |
_2lcc _cB |
||
| 999 |
_c141 _d141 |
||